00323nam a2200109Ia 4500008004100000082001600041100002200057245003000079260002800109630001800137650005800155211122s9999||||xx |||||||||||||| ||und|| a820 bWYL-C aWyld, Henry Cecil 0aChemistry of the Elements bPearsonaNew Yorkc2000 xGeneral Stack aEnglish LiteraturevEnglish Literary HistoryChemistry